000
00283nam a22001217a 4500
041
_a
ENG
100
_a
Sioshansi.F.P
245
_a
Energy Efficiency Towards The End Of Demand Growth
260
_a
Delhi
_b
Elsevier
_c
2013
300
_a
631
650
_a
EOES
856
_u
EOES ( 39 )
999
_c
1296
_d
1296